[Event "TCh-CZE Vychod 2013-14"]
[Site "Czech Rep CZE"]
[Date "2013.10.20"]
[Round "1.1"]
[White "Velicka,P"]
[Black "Malinovsky,K"]
[Result "1/2-1/2"]
[WhiteElo "2413"]
[BlackElo "2445"]

1.e4 c5 2.Nf3 d6 3.Bb5+ Bd7 4.Bxd7+ Qxd7 5.c4 Nf6 6.Nc3 g6 7.d4 cxd4 8.Nxd4 Bg7
9.f3 O-O 10.Be3 Rc8 11.b3 a6 12.Qd2 e6 13.O-O Qc7 14.Rac1 Nc6 15.Rfd1 Bf8
16.Nd5 exd5 17.cxd5 Qd7 18.dxc6 bxc6 19.Bh6 Bxh6 20.Qxh6 Ne8 21.Rd2 a5 22.Qe3 Qb7
23.Qc3 c5 24.Nc2 a4 25.Ne3 axb3 26.axb3 Rcb8 27.Rb1 Qb4 28.Qxb4 Rxb4 29.Nd5 Rb7
30.b4 Rab8 31.Rdb2 cxb4 32.Rxb4 Rxb4 33.Rxb4 Rxb4 34.Nxb4 f6 35.Nd5 Kf7 36.Kf2 Ng7
37.Ke3 f5 38.exf5 Nxf5+ 39.Ke4 Ng7 40.f4 h5 41.g3 Nf5 42.Nc3 Ke6 43.Ne2 d5+
44.Kd3 Kf6 45.h3 g5 46.g4 hxg4 47.hxg4 Nh6  1/2-1/2

[Event "TCh-Belgrade Premier liga 2013"]
[Site "Belgrade SRB"]
[Date "2013.10.21"]
[Round "10.1"]
[White "Jandric,D"]
[Black "Vujacic,Bo"]
[Result "0-1"]
[WhiteElo "2053"]
[BlackElo "2294"]

1.e4 c5 2.Nf3 d6 3.Bb5+ Nc6 4.O-O Bd7 5.Re1 a6 6.Bxc6 Bxc6 7.d4 cxd4 8.Nxd4 Nf6
9.Nxc6 bxc6 10.Qf3 e5 11.Bg5 Be7 12.Nd2 O-O 13.Nc4 Qc7 14.Rad1 Rad8 15.b3 h6
16.Bd2 Qb8 17.Bc3 Rfe8 18.Rd2 Bf8 19.Ne3 Re6 20.Red1 Rde8 21.Bb2 Qc7 22.c4 a5
23.Bc3 Nd7 24.Bb2 a4 25.b4 Rb8 26.a3 Nf6 27.Ng4 Nh7 28.h4 Qe7 29.g3 h5 30.Ne3 Nf6
31.Nd5 cxd5 32.cxd5 Nxe4 33.Qxe4 Rg6 34.Kh2 Rg4 35.Qc2 Qd7 36.Qc6 Qf5 37.Qc2 e4
38.Rf1 Rc8 39.Qb1 Rxh4+ 40.gxh4 Qf4+ 41.Kg2 Qxd2 42.Rd1 Qe2 43.Re1 Qg4+ 44.Kf1 Rc4
45.Qa2 Rc2 46.Qb1 Rd2 47.Qc1 e3  0-1

[Event "51st ch-IND B 2013"]
[Site "Bhopal IND"]
[Date "2013.10.22"]
[Round "13.56"]
[White "Kranti,K"]
[Black "Dahale,A"]
[Result "1/2-1/2"]
[WhiteElo "1953"]
[BlackElo "2137"]

1.e4 c5 2.Nf3 d6 3.Bb5+ Bd7 4.Bxd7+ Qxd7 5.O-O Nc6 6.c3 Nf6 7.Qe2 e6 8.d4 cxd4
9.cxd4 d5 10.e5 Ne4 11.Nbd2 Nxd2 12.Bxd2 Be7 13.a3 O-O 14.b4 a6 15.Rac1 Rfc8
16.Qd3 h6 17.Rc3 Rc7 18.Rfc1 Rac8 19.h3 Na7 20.Nh2 Nb5 21.Rxc7 Rxc7 22.Rxc7 Qxc7
23.a4 Na7 24.Ng4 Qc4 25.Qg3  1/2-1/2

[Event "Guernsey Open 2013"]
[Site "Guernsey GCI"]
[Date "2013.10.22"]
[Round "3"]
[White "Fruteau,S"]
[Black "Riedener,T"]
[Result "1-0"]
[WhiteElo "2067"]
[BlackElo "2045"]

1.e4 c5 2.Nf3 d6 3.Bb5+ Bd7 4.Bxd7+ Qxd7 5.O-O Nc6 6.c3 Nf6 7.d4 cxd4 8.cxd4 d5
9.e5 Ne4 10.Ne1 h6 11.f3 Ng5 12.Be3 e6 13.Nd2 Be7 14.a3 O-O 15.Nd3 b6 16.h4 Nh7
17.Qe1 Rac8 18.g4 f6 19.Qg3 fxe5 20.dxe5 Qd8 21.h5 Bh4 22.Qh2 d4 23.Bf2 Bxf2+
24.Rxf2 Qd5 25.Re1 Ng5 26.f4 Nh7 27.Ne4 Qb3 28.Qg3 Ne7 29.Nb4 Qxg3+ 30.Nxg3 a5
31.Nd3 Nd5 32.Re4 Rc4 33.Ne2 Ne3 34.b3 Rc2 35.Nxd4 Rxf2 36.Nxf2  1-0

[Event "29th ECC Open 2013"]
[Site "Rhodes GRE"]
[Date "2013.10.22"]
[Round "3.3"]
[White "Svidler,P"]
[Black "Papaioannou,I"]
[Result "1-0"]
[WhiteElo "2740"]
[BlackElo "2633"]

1.e4 c5 2.Nf3 d6 3.Bb5+ Nd7 4.O-O a6 5.Bd3 Ngf6 6.c3 b5 7.Bc2 Bb7 8.Re1 e6
9.d4 cxd4 10.cxd4 Be7 11.Nbd2 O-O 12.Nf1 Rc8 13.Ng3 Re8 14.h3 Bf8 15.Bd2 Qc7
16.Rc1 Qb8 17.Ba5 g6 18.Qd2 Qa8 19.a3 Rc4 20.Bd3 Rxc1 21.Qxc1 Rc8 22.Qd2 Qa7
23.h4 e5 24.Bc3 Ng4 25.Bb1 Bg7 26.Ba2 exd4 27.Bxd4 Bxd4 28.Nxd4 Nde5 29.Rd1 Ba8
30.f3 Nf6 31.Qg5 Ne8 32.Nf5 Kf8 33.Nxd6 Nxf3+ 34.gxf3 Nxd6 35.Qf6 Qc5 36.b4  1-0

[Event "29th ECC Open 2013"]
[Site "Rhodes GRE"]
[Date "2013.10.22"]
[Round "3.5"]
[White "Bartel,Mat"]
[Black "Sjugirov,S"]
[Result "1-0"]
[WhiteElo "2638"]
[BlackElo "2635"]

1.e4 c5 2.Nf3 d6 3.Bb5+ Bd7 4.c4 Nc6 5.Nc3 e5 6.d3 g6 7.Nd5 Bg7 8.O-O h6
9.b4 Nge7 10.bxc5 dxc5 11.Be3 b6 12.Qc1 f5 13.a4 f4 14.Bd2 g5 15.Bc3 g4 16.Nd2 O-O
17.a5 Rb8 18.axb6 axb6 19.Qb2 Ng6 20.Bxc6 Bxc6 21.Ra6 Bxd5 22.exd5 f3 23.g3 Qg5
24.Rb1 Nf4 25.gxf4 Qh4 26.Qc1 Rf5 27.Kh1 exf4 28.Bxg7 g3 29.Nxf3 Qg4 30.Qd1 Re8
31.Be5 gxf2 32.Raxb6 Rh5 33.Re6  1-0

[Event "29th ECC Open 2013"]
[Site "Rhodes GRE"]
[Date "2013.10.22"]
[Round "3.12"]
[White "Domont,A"]
[Black "Hautot,S"]
[Result "1/2-1/2"]
[WhiteElo "2373"]
[BlackElo "2378"]

1.e4 c5 2.Nf3 d6 3.Bb5+ Nd7 4.O-O a6 5.Bd3 Ngf6 6.Re1 Ne5 7.Nxe5 dxe5 8.a4 b6
9.Na3 Bb7 10.Nc4 Nd7 11.b3 g6 12.Bb2 Bg7 13.Bc3 O-O 14.Re3 Qc7 15.Rh3 e6
16.Qg4 b5 17.Qh4 h6 18.Ne3 Bc6 19.f4 Qd8 20.Qxd8 Rfxd8 21.Ng4 exf4 22.Nxh6+ Kf8
23.axb5 axb5 24.Rf1 Bxc3 25.dxc3 e5 26.g3 Kg7 27.Ng4 g5 28.Nh6 Rh8 29.Nf5+ Kf6
30.Rxh8 Rxh8 31.Ra1 Rb8 32.Ra7 c4 33.bxc4 bxc4 34.Bxc4 Bxe4 35.Nd6 Bc6 36.Rc7 Ba4
37.Ne4+ Kg6 38.g4 Bxc2 39.Nd6 Rb1+ 40.Kf2 Nb6 41.Bxf7+ Kh6 42.c4 Na4 43.Be8 Nc3
44.Nf7+ Kg7 45.Nxe5+ Kf6 46.Nf3 Ne4+ 47.Kg2 Nd6 48.Bc6 Nxc4 49.h4 Ne3+ 50.Kh3 gxh4
51.g5+ Ke6 52.Nd4+ Kd6 53.Rd7+ Kc5 54.Rd8 Rd1 55.Ne6+ Kxc6 56.Rxd1 Bxd1 57.Nxf4 Nf5
58.Ng2 Kd5  1/2-1/2

[Event "Guernsey Open 2013"]
[Site "Guernsey GCI"]
[Date "2013.10.23"]
[Round "4"]
[White "Heppell,I"]
[Black "Downey,K GCI"]
[Result "1-0"]
[WhiteElo "2106"]
[BlackElo "1950"]

1.e4 c5 2.Nf3 d6 3.Bb5+ Bd7 4.Bxd7+ Qxd7 5.O-O Nc6 6.c3 Nf6 7.d4 Nxe4 8.d5 Ne5
9.Re1 Nxf3+ 10.Qxf3 Nf6 11.Na3 g6 12.Qxf6  1-0

[Event "29th ECC Open 2013"]
[Site "Rhodes GRE"]
[Date "2013.10.23"]
[Round "4.6"]
[White "Georgiev,Ki"]
[Black "Givon,A"]
[Result "1-0"]
[WhiteElo "2664"]
[BlackElo "2445"]

1.e4 c5 2.Nf3 d6 3.Bb5+ Bd7 4.Bxd7+ Qxd7 5.c4 Nf6 6.Nc3 g6 7.d4 cxd4 8.Nxd4 Bg7
9.f3 O-O 10.Be3 Nc6 11.O-O a6 12.a4 e6 13.Nde2 Qc7 14.Kh1 Nd7 15.b3 Rac8
16.Rb1 Nc5 17.Bg5 Rfe8 18.Qc2 Qa5 19.Bh4 Qb6 20.Rfd1 Nb4 21.Qd2 Ncd3 22.Nc1 Nxc1
23.Qxc1 Qc5 24.Qd2 Qh5 25.Bg3 Red8 26.Rbc1 Bh6 27.f4 Nc6 28.h3 Bg7 29.Bf2 Qa5
30.Qe3 Qb4 31.Ne2 Qa3 32.Qb6 Qa2 33.Ng1 Na5 34.Bh4 Nxb3 35.Bxd8 Nxc1 36.Rxc1 Qd2
37.Rf1 Qd3 38.Re1 Qd2 39.Nf3 Qxf4 40.Bg5 Qg3 41.Qxb7 Re8 42.Qxa6 Rb8 43.Bh4 Qf4
44.Qa7 Rc8 45.Qb7  1-0

[Event "29th ECC Open 2013"]
[Site "Rhodes GRE"]
[Date "2013.10.23"]
[Round "4.10"]
[White "Nelis,JF"]
[Black "Hoffmann,Micha1"]
[Result "0-1"]
[WhiteElo "2234"]
[BlackElo "2462"]

1.e4 c5 2.Nf3 d6 3.Bb5+ Bd7 4.Bxd7+ Qxd7 5.O-O Nf6 6.Qe2 Nc6 7.Rd1 Rc8 8.c3 e6
9.d4 cxd4 10.Bg5 d3 11.Rxd3 Ng4 12.Na3 Nge5 13.Nxe5 Nxe5 14.Rd4 a6 15.Rad1 f6
16.Bf4 Be7 17.Nc4 Nxc4 18.Rxc4 e5 19.Rxc8+ Qxc8 20.Be3 O-O 21.c4 f5 22.exf5 Qxf5
23.Qd2 Qe4 24.Qd5+ Qxd5 25.Rxd5 Kf7 26.a4 Ke6 27.f3 Rc8 28.b3 Rc6 29.f4 exf4
30.Bxf4 Bd8 31.Kf1 Bb6 32.Ke2 Bc5 33.Rh5 h6 34.Kd3 Rc8 35.g4 Rc7 36.h3 Rf7
37.Ke4 Rc7 38.Rf5 Rc6 39.Bd2 Rc8 40.Bc3 Rc7 41.Rf8 b5 42.Re8+ Kf7 43.Ra8 bxa4
44.b4 Bxb4 45.Bxb4 Rxc4+ 46.Kd5 Rxb4 47.Rxa6 Kf6 48.Kxd6 Kg5 49.Ke6 Rf4 50.Ra7 g6
51.Ke5 Rf3 52.Rxa4 Rxh3 53.Ke6 Rf3  0-1

[Event "29th ECC Open 2013"]
[Site "Rhodes GRE"]
[Date "2013.10.24"]
[Round "5.12"]
[White "Boel,M"]
[Black "De Filomeno,S"]
[Result "0-1"]
[WhiteElo "2231"]
[BlackElo "2422"]

1.e4 c5 2.Nf3 d6 3.Bb5+ Nc6 4.O-O Bd7 5.Re1 Nf6 6.c3 a6 7.Bf1 Bg4 8.h3 Bxf3
9.Qxf3 g6 10.d3 Bg7 11.Qd1 O-O 12.d4 cxd4 13.cxd4 d5 14.e5 Nd7 15.Be3 e6
16.Nc3 Qa5 17.a3 Rfc8 18.Qd2 Qd8 19.b4 Ndxe5 20.dxe5 d4 21.Bxd4 Qxd4 22.Qxd4 Nxd4
23.Na4 Nc2 24.Nb6 Nxa1 25.Nxa8 Nc2 26.Re2 Nxa3 27.Nb6 Rc1 28.Nd7 Rd1 29.Nc5 Nc4
30.f4 Nd2 31.Rxd2 Rxd2 32.Nxb7 Rd4 33.Bxa6 Rxb4 34.Nc5 Rxf4  0-1

[Event "29th ECC Open 2013"]
[Site "Rhodes GRE"]
[Date "2013.10.24"]
[Round "5.20"]
[White "Sanduleac,V"]
[Black "Agopov,M"]
[Result "1-0"]
[WhiteElo "2423"]
[BlackElo "2434"]

1.e4 c5 2.Nf3 d6 3.Bb5+ Bd7 4.Bxd7+ Qxd7 5.O-O Nc6 6.c3 Nf6 7.Qe2 e6 8.Rd1 Be7
9.d4 cxd4 10.cxd4 d5 11.e5 Ne4 12.Be3 O-O 13.Ne1 f5 14.f3 Ng5 15.Nd3 Nf7
16.Nc3 Rfc8 17.Rac1 b6 18.h3 Na5 19.f4 Nc4 20.Bf2 Rc7 21.b3 Na3 22.Nxd5 Rxc1
23.Nxe7+ Qxe7 24.Rxc1 Rd8 25.Ne1 Qb7 26.Nf3 h6 27.Qd3 Rd5 28.Qc3 Rd7 29.Qb4 Qa6
30.d5 Rxd5 31.Qe7 Rd8 32.Rc7  1-0

[Event "18th Casino de Barcelona 2013"]
[Site "Barcelona ESP"]
[Date "2013.10.25"]
[Round "1.2"]
[White "Hansen,Eric"]
[Black "Alsina Leal,D"]
[Result "1-0"]
[WhiteElo "2567"]
[BlackElo "2539"]

1.e4 c5 2.Nf3 d6 3.Bb5+ Bd7 4.Bxd7+ Qxd7 5.c4 Nf6 6.Nc3 g6 7.d4 cxd4 8.Nxd4 Bg7
9.f3 O-O 10.Be3 Nc6 11.O-O a6 12.a4 e6 13.Nxc6 Qxc6 14.Rc1 Rac8 15.b3 Qc7
16.Kh1 Nd7 17.Bf4 Ne5 18.h3 h6 19.Bh2 Qa5 20.Ne2 Nc6 21.f4 d5 22.cxd5 exd5
23.e5 Ne7 24.Qd3 Qb4 25.Bg1 Rfd8 26.Nd4 Nc6 27.Nxc6 Rxc6 28.Rxc6 bxc6 29.Qxa6 Qxb3
30.Bb6 Re8 31.a5 g5 32.fxg5 hxg5 33.Qb7 d4 34.Qxc6 Re6 35.Qc7 Re8 36.Bxd4 Qd5
37.a6 Bxe5 38.Bxe5 Rxe5 39.Qb8+ Kh7 40.a7 Re3 41.Rxf7+  1-0

[Event "29th ECC Open 2013"]
[Site "Rhodes GRE"]
[Date "2013.10.25"]
[Round "6.4"]
[White "Zhigalko,S"]
[Black "Korobov,A"]
[Result "1-0"]
[WhiteElo "2683"]
[BlackElo "2716"]

1.e4 c5 2.Nf3 d6 3.Bb5+ Nd7 4.O-O a6 5.Bd3 Ngf6 6.a4 b6 7.c3 Bb7 8.Qe2 Qc7
9.Re1 e6 10.Na3 Be7 11.Bc2 Rc8 12.d3 O-O 13.h3 Rfe8 14.Bf4 Nf8 15.d4 cxd4
16.cxd4 Ng6 17.Bh2 Qd7 18.Qd1 Red8 19.Bd3 d5 20.e5 Ne4 21.Nc2 Bc6 22.Bxa6 Ra8
23.Bd3 Rxa4 24.Rxa4 Bxa4 25.Qe2 Rc8 26.Ra1 b5 27.Ne3 b4 28.Ne1 b3 29.f3 Ng5
30.Kh1 f5 31.exf6 Bxf6 32.Ng4 Bxd4 33.Qd2 Bf6 34.Bxg6 hxg6 35.Nxf6+ gxf6
36.Qf4 Bb5 37.Qxf6 Nf7 38.Qxg6+ Kf8 39.Nd3 Bxd3 40.Qxd3 Qb7 41.Bg1 Qb4 42.Qa6 Re8
43.Qc6 Qb8 44.Ra7  1-0

[Event "18th ECC w 2013"]
[Site "Rhodes GRE"]
[Date "2013.10.25"]
[Round "6.1"]
[White "Daulyte,D"]
[Black "Hou Yifan"]
[Result "0-1"]
[WhiteElo "2364"]
[BlackElo "2621"]

1.e4 c5 2.Nf3 d6 3.Bb5+ Nc6 4.O-O Bd7 5.c4 Nf6 6.Nc3 g6 7.Bxc6 Bxc6 8.d4 cxd4
9.Nxd4 Bg7 10.Nxc6 bxc6 11.Qa4 Qc8 12.Nd5 Nd7 13.Ne3 O-O 14.Rb1 a5 15.Qc2 Nc5
16.Bd2 f5 17.exf5 gxf5 18.f3 e5 19.b3 Qe6 20.a3 f4 21.Nd1 a4 22.b4 Nb3 23.Rxb3 axb3
24.Qxb3 e4 25.fxe4 Qxe4 26.Bc3 Ra7 27.b5 f3 28.c5+ d5 29.b6 Raf7 30.b7 Bxc3
31.Qxc3 Rxb7 32.gxf3 Qe2  0-1

[Event "29th ECC Open 2013"]
[Site "Rhodes GRE"]
[Date "2013.10.25"]
[Round "6.18"]
[White "Ermeni,A"]
[Black "Williams,Si1"]
[Result "0-1"]
[WhiteElo "2274"]
[BlackElo "2463"]

1.e4 c5 2.Nf3 d6 3.Bb5+ Nc6 4.O-O Bd7 5.Re1 Nf6 6.c3 a6 7.Bf1 e5 8.h3 g5
9.Nxg5 Rg8 10.h4 h6 11.Nf3 Nh5 12.d3 Qf6 13.Be3 Be7 14.Kh2 O-O-O 15.Nbd2 Rg7
16.b4 Rdg8 17.bxc5 dxc5 18.Nc4 Kc7 19.d4 Rg4 20.d5 Qg6 21.d6+ Kb8 22.Bg5 Bxg5
23.hxg5 Nf4 24.g3 hxg5 25.Bg2 Rh8+ 26.Kg1 Qh5 27.Nh4 Qxh4  0-1

[Event "18th Casino de Barcelona 2013"]
[Site "Barcelona ESP"]
[Date "2013.10.26"]
[Round "2.1"]
[White "Balogh,C"]
[Black "Edouard,R"]
[Result "1/2-1/2"]
[WhiteElo "2632"]
[BlackElo "2657"]

1.e4 c5 2.Nf3 d6 3.Bb5+ Bd7 4.Bxd7+ Qxd7 5.c4 Nf6 6.Nc3 g6 7.d4 cxd4 8.Nxd4 Bg7
9.f3 Qc7 10.b3 Qa5 11.Bb2 Nc6 12.O-O O-O 13.Nce2 Rad8 14.Bc3 Qb6 15.Kh1 e6
16.Qd2 Rd7 17.Qb2 Nh5 18.Rad1 Nxd4 19.Bxd4 Qa5 20.Bxg7 Nxg7 21.Rd2 f5 22.e5 Rfd8
23.Rfd1 Ne8 24.h3 Kf7 25.Nf4 Qc7 26.Qd4 Ke7 27.exd6+ Rxd6 28.Qh8 Rxd2 29.Qxh7+ Kf6
30.Qxg6+ Ke5 31.Qxe6+ Kxf4 32.Qh6+ Kg3 33.Qg5+ Kf2 34.Rxd2+ Rxd2 35.Qxd2+ Kf1
36.Qd1+ Kf2 37.Qd2+ Kf1 38.Qd3+ Kf2 39.Qd2+  1/2-1/2

[Event "8th Herbstopen"]
[Site "Deizisau GER"]
[Date "2013.10.26"]
[Round "1.4"]
[White "Probst,Ale"]
[Black "Gschnitzer,O"]
[Result "0-1"]
[WhiteElo "1954"]
[BlackElo "2440"]

1.e4 c5 2.Nf3 d6 3.Bb5+ Nc6 4.O-O Bd7 5.c3 Nf6 6.Qe2 a6 7.Ba4 e5 8.Rd1 Qc7
9.d3 Be7 10.Bg5 O-O 11.Nbd2 Rfe8 12.Nf1 Nd4 13.cxd4 Bxa4 14.b3 Bd7 15.Rac1 exd4
16.Nxd4 Nxe4 17.Bxe7 Nf6 18.Re1 Nd5 19.Qh5 Nxe7 20.Ne3 h6 21.Nf3 Bc6 22.d4 Rac8
23.d5 Bd7 24.g4 Ng6 25.Ng2 Rxe1+ 26.Rxe1 Re8 27.Rxe8+ Bxe8 28.g5 hxg5 29.Nxg5 Nf8
30.Ne3 Qe7 31.Qg4 Bd7 32.Qg3 b5 33.h4 Nh7 34.f4 Nf6 35.Qf3 Kf8 36.Kf2 Qd8
37.Kg3 Qa5 38.Qe2 Qc3 39.Kf2 Qd4 40.Kg3 Nxd5 41.Nxd5 Qxd5 42.Qh5 Bc6 43.Qh8+ Ke7
44.h5 Qg2+ 45.Kh4 Qf2+  0-1

[Event "17th Unive Open 2013"]
[Site "Hoogeveen NED"]
[Date "2013.10.26"]
[Round "9.8"]
[White "Hendriks,W"]
[Black "Zepeda,L"]
[Result "1/2-1/2"]
[WhiteElo "2407"]
[BlackElo "2156"]

1.e4 c5 2.Nf3 d6 3.Bb5+ Bd7 4.Bxd7+ Qxd7 5.c4 Nf6 6.Nc3 g6 7.d4 cxd4 8.Nxd4 Bg7
9.b3 Qg4 10.O-O Qxd1 11.Rxd1 Nc6 12.Nxc6 bxc6 13.Ba3 Nd7 14.Rac1 c5 15.Bb2 O-O
16.Rc2 Ne5 17.Nd5 Nc6 18.f4 Bxb2 19.Rxb2 Rfd8 20.Rbd2 Kf8 21.h4 a5 22.h5 gxh5
23.Kf2 Rdb8 24.Nc7 Ra7 25.Nb5 Ra6 26.Rh1 a4 27.Rxh5 axb3 28.axb3 Nd4 29.Nxd4 cxd4
30.Rd3 Ra2+ 31.Kg1 Rb2 32.Rhh3 e5 33.fxe5 dxe5 34.Rdf3 Kg8 35.Rhg3+ Kf8 36.Rh3 Kg8
37.Rhg3+ Kf8 38.Rh3  1/2-1/2

[Event "29th ECC Open 2013"]
[Site "Rhodes GRE"]
[Date "2013.10.26"]
[Round "7.3"]
[White "Karjakin,Sergey"]
[Black "Cheparinov,I"]
[Result "1-0"]
[WhiteElo "2762"]
[BlackElo "2672"]

1.e4 c5 2.Nf3 d6 3.Bb5+ Nd7 4.O-O a6 5.Bd3 Ngf6 6.c3 b5 7.Bc2 Bb7 8.Re1 c4
9.a4 e5 10.axb5 axb5 11.Rxa8 Qxa8 12.Na3 Be7 13.Nxb5 O-O 14.Qe2 Rc8 15.d4 cxd3
16.Bxd3 Nc5 17.Nd2 Nxd3 18.Qxd3 Ba6 19.c4 Bxb5 20.cxb5 Qb7 21.b3 Rb8 22.Bb2 Qxb5
23.Qxb5 Rxb5 24.Rc1 Rb8 25.Kf1 Kf8 26.Ke2 Ke8 27.f3 Kd7 28.Kd3 Ne8 29.Kc2 Bg5
30.Bc3 Nc7 31.Ra1 Bxd2 32.Bxd2 Kc6 33.Ra4 Nb5 34.Kd3 Nc7 35.Kc4 g6 36.Ra7 Kb6
37.Be3+ Kc6 38.b4 d5+ 39.exd5+ Nxd5 40.Bc5 Nc7 41.g4 f5 42.g5 Ra8 43.b5+ Kd7
44.Rxa8 Nxa8 45.h4 Nc7 46.b6 Ne6 47.Kd5 Nxc5 48.Kxc5 Kc8 49.Kd5 e4 50.fxe4 f4
51.Kd4 Kb7 52.Kd3 Kxb6 53.Ke2  1-0

[Event "29th ECC Open 2013"]
[Site "Rhodes GRE"]
[Date "2013.10.26"]
[Round "7.14"]
[White "Givon,A"]
[Black "Budima,Armend"]
[Result "1/2-1/2"]
[WhiteElo "2445"]
[BlackElo "2226"]

1.e4 c5 2.Nf3 d6 3.Bb5+ Bd7 4.Bxd7+ Qxd7 5.c4 Nc6 6.O-O g6 7.d4 cxd4 8.Nxd4 Bg7
9.Be3 Nf6 10.f3 O-O 11.Nc3 Rac8 12.b3 e6 13.Rc1 Rfd8 14.Re1 a6 15.Na4 Rb8
16.Nb6 Qe8 17.Qd2 Nd7 18.Ne2 Nxb6 19.Bxb6 Rd7 20.a4 Rc8 21.a5 Nb8 22.Nc3 Rc6
23.Na4 Qf8 24.Be3 Rdc7 25.Qe2 Nd7 26.b4 d5 27.exd5 exd5 28.c5 Qe8 29.Qd2 Re6
30.Bf2 Nb8 31.Nb6 Nc6 32.Rxe6 fxe6 33.Re1 Qf7 34.Bg3 e5 35.Rd1 d4 36.Rb1 Qe6
37.Qd3 Re7 38.Qe4 Qf5 39.Nc4 Rd7 40.Nd6 Qxe4 41.fxe4 Bf8 42.Nc4 d3 43.Bf2 d2
44.Rd1 Bh6 45.Kf1 Nxb4 46.Nxe5 Rd8 47.Ng4 Bg7 48.Be3 Bc3 49.Ke2 h5 50.Nf2 Nc6
51.Bxd2  1/2-1/2

[Event "29th ECC Open 2013"]
[Site "Rhodes GRE"]
[Date "2013.10.26"]
[Round "7.3"]
[White "Motylev,A"]
[Black "Sjugirov,S"]
[Result "1/2-1/2"]
[WhiteElo "2676"]
[BlackElo "2635"]

1.e4 c5 2.Nf3 d6 3.Bb5+ Nc6 4.O-O Bd7 5.Re1 Nf6 6.c3 a6 7.Ba4 b5 8.Bc2 Bg4
9.a4 Rb8 10.axb5 axb5 11.d4 cxd4 12.cxd4 e5 13.d5 Nd4 14.Nbd2 Be7 15.Bd3 O-O
16.h3 Bh5 17.b4 Qb6 18.Bb2 Nxf3+ 19.Nxf3 Ra8 20.Qe2 Ra4 21.Bc3 Rfa8 22.Rxa4 bxa4
23.g4 Bg6 24.Nd2 Rc8 25.Rc1 h5 26.Kg2 hxg4 27.hxg4 Nd7 28.Nc4 Qb8 29.Bd2 Bd8
30.Ra1 f6 31.Rxa4 Nb6 32.Ra6 Nxc4 33.Bxc4 Be8 34.Rc6 Bb6 35.g5 Rc7 36.b5 fxg5
37.Be3 Bxe3 38.Qxe3 Rf7 39.Qb6 Qa8 40.Qa6 Qd8 41.Rxd6 Bd7 42.Qb6 Qc8 43.Rxd7 Qxd7
44.d6 Qg4+ 45.Kf1 Qd1+ 46.Kg2 Qg4+ 47.Kf1 Qd1+ 48.Kg2  1/2-1/2

[Event "18th Casino de Barcelona 2013"]
[Site "Barcelona ESP"]
[Date "2013.10.27"]
[Round "3.1"]
[White "Hansen,Eric"]
[Black "Ftacnik,L"]
[Result "1/2-1/2"]
[WhiteElo "2567"]
[BlackElo "2546"]

1.e4 c5 2.Nf3 d6 3.Bb5+ Nd7 4.O-O a6 5.Bd3 Ngf6 6.Re1 Ne5 7.Nxe5 dxe5 8.a4 Bg4
9.Be2 Bxe2 10.Qxe2 e6 11.Na3 b6 12.Nc4 Nd7 13.b3 Be7 14.Bb2 Qc7 15.Qg4 Bf6
16.f4 Ra7 17.f5 exf5 18.exf5 O-O 19.Qg3 Re8 20.Re2 b5 21.Ne3 c4 22.bxc4 bxc4
23.Bc3 Qc5 24.Qf2 e4 25.Nxc4 Qxc4 26.Qxa7 Bxc3 27.dxc3 Qxe2 28.Qxd7 Rf8 29.Qd4 e3
30.Rf1 Qxc2 31.Qxe3 Rc8 32.a5 Qxc3 33.Qxc3 Rxc3 34.Rb1 h5 35.Rb6 Rc5 36.Rxa6 Rxf5
37.Ra8+ Kh7 38.a6 Ra5 39.Kf2 Ra2+ 40.Kf3 Kg6 41.a7  1/2-1/2

[Event "14th Liberec Open"]
[Site "Liberec CZE"]
[Date "2013.10.28"]
[Round "3.3"]
[White "Yakimenko,Alex"]
[Black "Selig,R"]
[Result "1/2-1/2"]
[WhiteElo "2212"]
[BlackElo "1999"]

1.e4 c5 2.Nf3 d6 3.Bb5+ Bd7 4.Bxd7+ Nxd7 5.O-O g6 6.c4 Bg7 7.Nc3 Ngf6 8.d3 O-O
9.h3 h6 10.Rb1 Kh7 11.Be3 e5 12.b4 Qc7 13.Qd2 a6 14.Rfc1 Rab8 15.Nh2 Qd8
16.Nf1 Ng8 17.Nd5 Ne7 18.bxc5 dxc5 19.Rb3 f5 20.f4 b6 21.Rcb1 Nxd5 22.cxd5 g5
23.fxg5 f4 24.Bf2 Qxg5 25.d4 Bf6 26.Kh1 Qh5 27.Nh2 Rg8 28.Qd1 Qf7 29.Qg1 Be7
30.Nf3 Rg6 31.R3b2 Rbg8 32.Rf1 R8g7 33.Be1  1/2-1/2

[Event "13th Sautron Open 2013"]
[Site "Sautron FRA"]
[Date "2013.10.28"]
[Round "3.4"]
[White "Peyre,T"]
[Black "Roiz,M"]
[Result "0-1"]
[WhiteElo "2136"]
[BlackElo "2614"]

1.e4 c5 2.Nf3 d6 3.Bb5+ Nd7 4.c3 Nf6 5.Qe2 a6 6.Ba4 b5 7.Bc2 Bb7 8.d4 cxd4
9.cxd4 Rc8 10.O-O Qc7 11.Bd3 e5 12.Nbd2 exd4 13.Nxd4 Ne5 14.Re1 Be7 15.N2f3 O-O
16.Nf5 Nxd3 17.Qxd3 Rfe8 18.Bf4 Qc2 19.Qxc2 Rxc2 20.Bxd6 Bd8 21.Be5 Nxe4
22.Nd6 Nxd6 23.Bxd6 Rxe1+ 24.Rxe1 h6 25.Re8+ Kh7 26.Ne1 Rc1 27.Bb4 Bb6 28.Rb8 Bc5
29.Bc3 Bd5 30.a3 Bxa3 31.Rd8 Bc4 32.Bd2 Be7 33.Bxc1 Bxd8 34.Be3 a5 35.Bd4 Kg6
36.Nc2 Bf6 37.Bb6 a4 38.Bd4 Kf5 39.Bxf6 Kxf6 40.f3 Ke5 41.Kf2 Bd3 42.Nb4 Kd4
43.Nc6+ Kd5 44.Na5 b4 45.Ke3 Ba6 46.Kd2 Ke5  0-1

[Event "2nd Karpov Trophy Prelim"]
[Site "Cap d'Agde FRA"]
[Date "2013.10.29"]
[Round "9.3"]
[White "Bacrot,E"]
[Black "Sebag,M"]
[Result "1/2-1/2"]
[WhiteElo "2730"]
[BlackElo "2510"]

1.e4 c5 2.Nf3 d6 3.Bb5+ Nd7 4.d4 cxd4 5.Qxd4 a6 6.Bxd7+ Bxd7 7.c4 Rc8 8.Nc3 Bg4
9.Be3 Bxf3 10.gxf3 Nf6 11.f4 e6 12.Rc1 Ng4 13.Bd2 e5 14.Qd3 Qh4 15.Qe2 Nf6
16.f5 g6 17.fxg6 hxg6 18.Kd1 Bh6 19.Bxh6 Rxh6 20.Kc2 Qf4 21.h3 Kf8 22.Kb1 Kg7
23.Rcd1 b5 24.cxb5 axb5 25.f3 b4 26.Nb5 Ne8 27.Qd3 Rc6 28.Qb3 Qg3 29.h4 Qf2
30.Rhf1 Qe2 31.Qxb4 Qc2+ 32.Ka1 Rxh4 33.Qd2 Rh2 34.Qxc2 Rcxc2 35.Rb1 f5 36.a4 fxe4
37.fxe4 Rc4 38.Nc3 Nf6 39.Rbe1 Nd7 40.Rd1 Nc5 41.Rxd6 Nxe4 42.Nxe4 Rxa4+
43.Kb1 Rxe4 44.Rg1 Rb4 45.Rdxg6+ Kf7  1/2-1/2

[Event "Chinese Zonal w 2013"]
[Site "Zhongshan CHN"]
[Date "2013.10.29"]
[Round "1.9"]
[White "Ni,Shiqun"]
[Black "Hu Yu A."]
[Result "1-0"]
[WhiteElo "2207"]
[BlackElo "1861"]

1.e4 c5 2.Nf3 d6 3.Bb5+ Bd7 4.Bxd7+ Qxd7 5.c4 Nc6 6.Nc3 Nf6 7.d4 cxd4 8.Nxd4 g6
9.f3 Bg7 10.Nde2 O-O 11.O-O a6 12.a4 Qc7 13.b3 e6 14.Rb1 Rfd8 15.Bg5 Nb4
16.Qc1 Rac8 17.Qf4 Nh5 18.Qd2 Bf6 19.Be3 d5 20.exd5 exd5 21.Nxd5 Nxd5 22.cxd5 Qe5
23.Rbc1 Rxc1 24.Rxc1 Qxd5 25.Qxd5 Rxd5 26.Rc7 b5 27.Rc6 bxa4 28.bxa4 a5 29.g4 Re5
30.Bh6 Bd8 31.Nd4 Nf6 32.Kf1 Re8 33.Ra6 Nd5 34.Ra8 Nb6 35.Rxa5 Bc7 36.Ra7 Bxh2
37.a5 Nc4 38.a6 Bb8 39.Rb7 Na5 40.a7 Be5 41.Re7  1-0

[Event "3rd Panama Open"]
[Site "Panama City PAN"]
[Date "2013.10.30"]
[Round "1.17"]
[White "Madrigal,M"]
[Black "Gonzalez,Be CRC"]
[Result "1/2-1/2"]
[WhiteElo "2152"]
[BlackElo "2454"]

1.e4 c5 2.Nf3 d6 3.Bb5+ Bd7 4.Bxd7+ Qxd7 5.O-O Nc6 6.Qe2 g6 7.Rd1 Bg7 8.c3 e5
9.Na3 Nge7 10.Nc2 d5 11.exd5 Qxd5 12.d4 cxd4 13.cxd4 Rd8 14.Ne3 Qe4 15.dxe5 O-O
16.Bd2 Nxe5 17.Nxe5 Bxe5 18.Qg4 Qxg4 19.Nxg4 Bxb2 20.Rab1 Bg7 21.Rxb7 Nf5
22.Rbb1 Rd4 23.Ne3 Rfd8 24.Ba5 Rc8 25.Nxf5 gxf5 26.Rxd4  1/2-1/2

[Event "3rd Panama Open"]
[Site "Panama City PAN"]
[Date "2013.10.30"]
[Round "1.9"]
[White "Ortiz,Ma"]
[Black "Bacallao Alonso,Y"]
[Result "0-1"]
[WhiteElo "2208"]
[BlackElo "2519"]

1.e4 c5 2.Nf3 d6 3.Bb5+ Nd7 4.d4 cxd4 5.Qxd4 a6 6.Bxd7+ Bxd7 7.c4 Rc8 8.O-O Qc7
9.b3 e5 10.Qd3 b5 11.Na3 Qb7 12.Re1 Nf6 13.Bd2 Be7 14.cxb5 axb5 15.Bb4 Bc6
16.Rac1 O-O 17.Rxc6 Rxc6 18.Nxb5 Rfc8 19.a3 Rc1 20.Nc3 R1xc3 21.Bxc3 Qxb3
22.Re3 d5 23.Nxe5 dxe4 24.Qd2 Rd8 25.Qe2 Bc5 26.Rg3 Qd1+ 27.Qf1 Qc2 28.Be1 Rd1  0-1

[Event "3rd Panama Open"]
[Site "Panama City PAN"]
[Date "2013.10.30"]
[Round "1.25"]
[White "Fandino Reyes,R"]
[Black "Ruiz C,J"]
[Result "1-0"]
[WhiteElo "2115"]
[BlackElo "2399"]

1.e4 c5 2.Nf3 d6 3.Bb5+ Nd7 4.O-O Nf6 5.Re1 a6 6.Bxd7+ Bxd7 7.c3 g6 8.d4 cxd4
9.cxd4 Bg7 10.e5 Nd5 11.exd6 e6 12.Nc3 Bc6 13.Ne4 O-O 14.Ne5 Rc8 15.Qb3 b5
16.Bd2 Ba8 17.d7 Rb8 18.Nc5 Qb6 19.Rac1 a5 20.Qh3 b4 21.Bh6 Rfd8 22.Nxf7 Kxf7
23.Bxg7 Kxg7 24.Nxe6+ Kg8 25.Nxd8 Rxd8 26.Re8+ Kg7 27.Rxd8 Qxd8 28.Rc8 Qe7
29.Re8 Qg5 30.f4 Qxf4 31.Qg3 Qxd4+ 32.Qf2 Qd1+ 33.Re1  1-0

[Event "17th OIBM 2013"]
[Site "Bad Wiessee GER"]
[Date "2013.10.31"]
[Round "7.39"]
[White "Sedina,E"]
[Black "Ulanowski,K"]
[Result "1-0"]
[WhiteElo "2312"]
[BlackElo "2133"]

1.e4 c5 2.Nf3 d6 3.Bb5+ Nd7 4.O-O a6 5.Bd3 Ngf6 6.Re1 Qc7 7.c3 b5 8.a4 Rb8
9.Bc2 e5 10.d4 g6 11.Nbd2 Bg7 12.dxc5 Nxc5 13.axb5 axb5 14.Nb3 O-O 15.Bg5 Be6
16.Nxc5 dxc5 17.Ra6 h6 18.Be3 b4 19.cxb4 Rxb4 20.Bd2 Rbb8 21.Bc3 Nd7 22.Qc1 Rfd8
23.h3 Bc4 24.Ra4 Bb5  1-0

[Event "3rd Panama Open"]
[Site "Panama City PAN"]
[Date "2013.10.31"]
[Round "2.14"]
[White "Fandino Reyes,R"]
[Black "Escobar Forero,A"]
[Result "0-1"]
[WhiteElo "2115"]
[BlackElo "2455"]

1.e4 c5 2.Nf3 d6 3.Bb5+ Nd7 4.O-O Nf6 5.Re1 a6 6.Bxd7+ Bxd7 7.c3 Bc6 8.d4 Bxe4
9.Bg5 Bg6 10.Bxf6 gxf6 11.Nbd2 e6 12.a4 Be7 13.a5 O-O 14.Nc4 cxd4 15.Qxd4 Rc8
16.Nb6 Rc6 17.Qe3 d5 18.Nd4 Rd6 19.f4 Be4 20.Nc4 Rd7 21.Nb6 Rc7 22.b4 Kh8
23.Nf3 Rg8 24.g3 Qf8 25.Rac1 Qh6 26.Nd2 Bf5 27.Qd4 Bd6 28.Rf1 Rd8 29.Rce1 Qg7
30.Kh1 Bh3 31.Rf2 f5 32.Qxg7+ Kxg7 33.Rf3 d4 34.c4 Bxb4  0-1